| 000 | 00882nam a2200205 a 4500 | ||
|---|---|---|---|
| 008 | 120416s1984 ||||||||||||||||| || u | ||
| 020 | _a067520092x | ||
| 050 | _aHF 5415.15 His | ||
| 100 | _aHisrich, Robert D | ||
| 245 | 1 | 0 | _aMarketing decisions for new mature products: planning development, and control |
| 260 |
_aColumbus, Ohio: _bCharles E. Merill _c1984 |
||
| 300 | _axii, 424p. : ill. | ||
| 350 | _a0.00 | ||
| 500 | _aIncludes bibliographies and index. | ||
| 650 | 0 | _aNEW PRODUCTS | |
| 650 | _aPRODUCT MANAGEMENT | ||
| 700 | _aPeters, Michael P | ||
| 995 |
_aMAIN LIBRARY OPEN ACCESS _D0.00 _e005642 _FCBU-MAIN LIBRARY (Kitwe) _H2 _I20.65 _jHF 5415.15 His _UAVAILABLE _y005642 _ZMain Library Open Access Collection |
||
| 995 |
_aMAIN LIBRARY OPEN ACCESS _D0.00 _e005643 _FCBU-MAIN LIBRARY (Kitwe) _H1 _I20.65 _jHF 5415.15 His _UAVAILABLE _y005643 _ZMain Library Open Access Collection |
||
| 999 |
_c82636 _d82636 |
||